MARC

Tag First Indicator Second Indicator Subfields
LEADER 00000cam a2200000Ia 4500
001 in00002470821
005 20210817091258.0
006 m d
007 cr cn|||||||||
008 080226s2005 nyua sb 001 0 eng d
020 |a 0387243682 
020 |a 9780387243689 
029 1 |a NZ1  |b 12057940 
035 |a (OCoLC)209876368 
035 |a (OCoLC)ocn209876368 
037 |a 978-0-387-24367-2  |b Springer  |n http://www.springerlink.com 
040 |a GW5XE  |c GW5XE  |d UtOrBLW 
049 |a TEFA 
050 1 4 |a QP519.9.N83  |b T46 2005eb 
060 1 4 |a 2005 N-325 
060 1 4 |a QP 519.9.N83  |b T292s 2005 
082 0 4 |a 572/.36  |2 22 
100 1 |a Teng, Quincy.  |0 http://id.loc.gov/authorities/names/n2004001829 
245 1 0 |a Structural biology :  |b practical NMR applications /  |c Quincy Teng. 
264 1 |a New York :  |b Springer,  |c [2005] 
264 4 |c ©2005 
300 |a xii, 295 pages :  |b illustrations (some color) ;  |c 26 cm. 
336 |a text  |b txt  |2 rdacontent 
337 |a computer  |b c  |2 rdamedia 
338 |a online resource  |b cr  |2 rdacarrier 
500 |a Electronic resource. 
504 |a Includes bibliographical references and index. 
505 0 |a Basic principles of NMR -- Instrumentation -- NMR sample preparation -- Practical aspects -- Multidimensional heteronuclear NMR experiments -- Studies of small biological molecules -- Protein structure determination from NMR data -- Protein dynamics -- Multiple choice questions -- Answers to multiple choice questions -- Nomenclature and symbols. 
533 |a Electronic reproduction.  |b New York :  |c Springer,  |d 2008.  |n Mode of access: World Wide Web.  |n System requirements: Web browser.  |n Title from title screen (viewed on Jan. 30, 2008).  |n Access may be restricted to users at subscribing institutions. 
650 1 2 |a Nuclear Magnetic Resonance, Biomolecular.  |0 https://id.nlm.nih.gov/mesh/D019906 
650 0 |a Biomolecules  |x Structure. 
650 0 |a Nuclear magnetic resonance spectroscopy.  |0 http://id.loc.gov/authorities/subjects/sh85093008 
650 6 |a Biomolécules  |x Structure. 
650 6 |a Spectroscopie de la résonance magnétique nucléaire. 
650 7 |a Biologia molecular.  |2 larpcal 
650 7 |a Espectroscopia de ressonância magnética nuclear.  |2 larpcal 
655 7 |a Electronic books.  |2 local 
710 2 |a SpringerLink (Online service)  |0 http://id.loc.gov/authorities/names/no2005046756 
776 1 |c Original  |z 0387243674  |z 9780387243672  |z 0387243682  |z 9780387243689  |w (DLC) 2006275770  |w (OCoLC)61030096 
856 4 0 |u http://proxy.library.tamu.edu/login?url=https://dx.doi.org/10.1007/b105243  |z Connect to the full text of this electronic book  |t 0 
856 4 2 |3 Publisher description  |u http://www.loc.gov/catdir/enhancements/fy0663/2006275770-d.html  |t 0 
994 |a C0  |b TEF 
999 |a MARS 
999 f f |s b33dc1d0-bbe5-3992-b844-1e977af3b417  |i eb117172-a54a-3c3e-9a2c-588166545eb3  |t 0 
952 f f |a Texas A&M University  |b College Station  |c Electronic Resources  |d Available Online  |t 0  |e QP519.9.N83 T46 2005eb  |h Library of Congress classification 
998 f f |a QP519.9.N83 T46 2005eb  |t 0  |l Available Online